000 00505nam a2200181Ia 4500
005 20250326124051.0
008 250326s9999 xx 000 0 und d
037 _aTextbook
040 _aFMSL
_beng
_cFMSL
041 _aeng
_2eng
084 _aX.1 L1
_qFMSL
100 _aKreinin M E
_9701637
245 0 _aInternational economics: policy approach
_cKreinin M E
260 _aNY
_bNY, Harcourt Brace Jovanovich
_c1971
300 _a379p
942 _cTB
_hX.1 L1
999 _c1272126
_d1272126